<?xml version="1.0" encoding="UTF-8"?>
<collection xmlns="http://www.loc.gov/MARC21/slim">
 <record>
  <leader>01012nam  2200277#c 4500</leader>
  <controlfield tag="001">UMA-12694</controlfield>
  <controlfield tag="003">UMA</controlfield>
  <controlfield tag="005">20230415    193739</controlfield>
  <controlfield tag="008">081003suuuu####   ##########||||#0#spa#d</controlfield>
  <datafield tag="336" ind1=" " ind2=" ">
   <subfield code="a">texto</subfield>
  </datafield>
  <datafield tag="337" ind1=" " ind2=" ">
   <subfield code="a">no mediado</subfield>
  </datafield>
  <datafield tag="338" ind1=" " ind2=" ">
   <subfield code="a">volumen</subfield>
  </datafield>
  <datafield tag="901" ind1=" " ind2=" ">
   <subfield code="a">DVD1725</subfield>
  </datafield>
  <datafield tag="080" ind1=" " ind2=" ">
   <subfield code="a">792.8</subfield>
  </datafield>
  <datafield tag="092" ind1=" " ind2=" ">
   <subfield code="a">DVD no. 1725</subfield>
  </datafield>
  <datafield tag="245" ind1=" " ind2=" ">
   <subfield code="a">The glory of the Kirov = </subfield>
   <subfield code="b">La gloria del Kirov</subfield>
  </datafield>
  <datafield tag="650" ind1=" " ind2=" ">
   <subfield code="a">Danza</subfield>
  </datafield>
  <datafield tag="650" ind1=" " ind2=" ">
   <subfield code="a">Artistas [intérpretes]</subfield>
  </datafield>
  <datafield tag="650" ind1=" " ind2=" ">
   <subfield code="a">Periodismo</subfield>
  </datafield>
  <datafield tag="650" ind1=" " ind2=" ">
   <subfield code="a">Cine</subfield>
  </datafield>
  <datafield tag="650" ind1=" " ind2=" ">
   <subfield code="a">Ballet</subfield>
  </datafield>
  <datafield tag="041" ind1=" " ind2=" ">
   <subfield code="a">spa</subfield>
  </datafield>
  <datafield tag="500" ind1=" " ind2=" ">
   <subfield code="a">Adjunta libreto de la obra</subfield>
  </datafield>
  <datafield tag="500" ind1=" " ind2=" ">
   <subfield code="a">Contenido: El lago de los cisnes - Ejercicios - Raymonda - Vals vienés - Reflejo - El corsario - Laurencia - El cuento de Serf Nikish - El cisne moribundo - Pas de quatre - Syrinx - Espartaco (fragmento) - Espartaco (fragmento) - Romeo y Julieta - La doncella de hielo - Les Sylphides - El corsario - El lago de los cisnes - el cisne moribundo</subfield>
  </datafield>
  <datafield tag="300" ind1=" " ind2=" ">
   <subfield code="a">DVD : duración 91 minutos</subfield>
  </datafield>
  <datafield tag="260" ind1=" " ind2=" ">
   <subfield code="a">Buenos Aires</subfield>
   <subfield code="b">Planeta Agostini</subfield>
   <subfield code="c">2008</subfield>
  </datafield>
 </record>
</collection>
